Use of improved Wheat cultivation practices by the farmers / (Record no. 14204)

MARC details
000 -LEADER
fixed length control field 01161nam a22002777a 4500
001 - CONTROL NUMBER
control field BD-DhSAU 9297
003 - CONTROL NUMBER IDENTIFIER
control field BD-DhSAU
005 - DATE AND TIME OF LATEST TRANSACTION
control field 20181209144317.0
008 - FIXED-LENGTH DATA ELEMENTS--GENERAL INFORMATION
fixed length control field 150612b16 bg a||||r|||| 000 0 eng d
040 ## - CATALOGING SOURCE
Original cataloging agency BD-DhSAU
082 ## - DEWEY DECIMAL CLASSIFICATION NUMBER
Edition number 22
Classification number 630.715
Item number P4359
100 ## - MAIN ENTRY--PERSONAL NAME
Personal name Pervin , Sultana
Relator term Registration No. # 15-06930
245 ## - TITLE STATEMENT
Title Use of improved Wheat cultivation practices by the farmers /
Remainder of title MS thesis
Statement of responsibility, etc. Pervin , Sultana
260 ## - PUBLICATION, DISTRIBUTION, ETC. (IMPRINT)
Place of publication, distribution, etc. Sher-e- Bangla Agricultural University :
Name of publisher, distributor, etc. Department of Agricultural Extension and Information System,
Date of publication, distribution, etc. 2016
300 ## - PHYSICAL DESCRIPTION
Extent v, 57 p. :
Other physical details ill. ,
Dimensions 30 cm.
500 ## - GENERAL NOTE
General note MS thesis of Department of Agricultural Extension and Information System, Faculty of Agriculture, Sher-e-Bangla Agricultural University, Dhaka, Bangladesh <br/>
590 ## - Name of Cataloguer
Name of Cataloger Shofi
650 ## - SUBJECT ADDED ENTRY--TOPICAL TERM
Topical term or geographic name as entry element Agricultural Extension and Information System
650 ## - SUBJECT ADDED ENTRY--TOPICAL TERM
Topical term or geographic name as entry element Farmers
650 ## - SUBJECT ADDED ENTRY--TOPICAL TERM
Topical term or geographic name as entry element Improved Wheat
650 ## - SUBJECT ADDED ENTRY--TOPICAL TERM
Topical term or geographic name as entry element Cultivation
700 ## - ADDED ENTRY--PERSONAL NAME
Personal name Ali , Md Sekender
Relator term Supervisor
700 ## - ADDED ENTRY--PERSONAL NAME
Personal name Mazumder , Mohummed Shofi Ullah
Relator term Co-Supervisor
856 ## - ELECTRONIC LOCATION AND ACCESS
Uniform Resource Identifier <a href="http://archive.saulibrary.edu.bd:8080/xmlui/handle/123456789/772">http://archive.saulibrary.edu.bd:8080/xmlui/handle/123456789/772</a>
Link text Online Access
942 ## - ADDED ENTRY ELEMENTS (KOHA)
Source of classification or shelving scheme Dewey Decimal Classification
Koha item type MS Level Thesis
Holdings
Withdrawn status Lost status Source of classification or shelving scheme Damaged status Not for loan Collection code Home library Branch Name Date acquired Total Checkouts Full call number Barcode Date last seen Price effective from Koha item type
    Dewey Decimal Classification   Not For Loan Reference SAU Library SAU Library 28/01/2018   630.715 P4359 40510 12/02/2018 12/02/2018 MS Level Thesis